00484nam a2200157Ia 450000500170000000800410001704000190005804100120007708200160008924500450010565000270015085000100017794200070018799900170019495201150021120221126110432.0131103s9999 xx 000 0 und d aLoreto College aEnglish a954.14bMAJ aHistory of Ancient BengalcR.C. Majumdar aBengal, India, History aLCLIB cBK c19132d69611 00102ddc4070aMAINbMAINd2013-11-04l4o954.14 MAJ 18987pB20055r2017-03-17s2017-03-17w2013-11-04yBKf